THE FIRST TIME - The Kid LAROI - Statistics

General Stats
  • This quiz has been taken 39 times
  • The average score is 16 of 28
Answer Stats
Songs Plays Artists % Correct
NIGHTS LIKE THIS 881,237,353 The Kid LAROI
89%
BLEED 131,939,204 The Kid LAROI
85%
THE LINE 21,250,382 The Kid LAROI, d4vd
85%
TOO MUCH 187,221,902 The Kid LAROI, Jung Kook, Central Cee
78%
SORRY 28,807,593 The Kid LAROI
74%
WHAT JUST HAPPENED 46,833,066 The Kid LAROI
74%
BABY I'M BACK 218,380,092 The Kid LAROI
70%
HATRED 13,611,665 The Kid LAROI, Lil Yachty
67%
STICK WITH ME 12,864,744 The Kid LAROI
63%
KIDS ARE GROWING UP 8,240,658 The Kid LAROI
59%
PICK SIDES 14,011,309 The Kid LAROI
59%
THOUSAND MILES The Kid LAROI
59%
YOU 13,596,657 The Kid LAROI
59%
DESERVE YOU 20,251,114 The Kid LAROI
56%
WHAT WENT WRONG??? 13,152,868 The Kid LAROI
56%
GIRLS 190,690,843 The Kid LAROI
52%
HEAVEN 33,670,693 The Kid LAROI
52%
WHAT'S THE MOVE? 43,500,137 The Kid LAROI, Future, BabyDrill
52%
YOU NEVER FORGET YOUR FIRST TIME... 4,258,727 The Kid LAROI
52%
CALL ME INSTEAD 10,631,384 The Kid LAROI, Youngboy Never Broke Again, Robert Glasper
48%
I THOUGHT THAT I NEEDED YOU 27,422,343 The Kid LAROI
48%
STRANGERS (Interlude) 86,886 The Kid LAROI
48%
WHERE DO YOU SLEEP? 18,210,533 The Kid LAROI
48%
LOVE AGAIN 266,118,358 The Kid LAROI
44%
TEAR ME APART 15,908,939 The Kid LAROI
44%
STRANGERS PT 2 (Interlude) 5,344,755 The Kid LAROI
33%
WHERE DOES YOUR SPIRIT GO? 37,555,062 The Kid LAROI
33%
NIGHTS LIKE THIS PT 2 44,724,585 The Kid LAROI
0%
No matching quizzes found
Score Distribution
Percent of People with Each Score
Percentile by Number Answered
Your Score History
You have not taken this quiz